000 00889nam a2200241 i 4500
001 177311
003 ES-MaACL
005 20260213134531.0
007 t|
008 110315s1972 sp af ||||1| spa d
080 _a74/75 Vera, Cristino de
100 1 _aVera, Cristino de.
_9113940
245 1 0 _aDibujos de Cristino de Vera /
_cpor Agustín Rodríguez Sahagún.
250 _a1ª ed.
260 _aMadrid :
_bIbérico Europea de Ediciones,
_c1972.
300 _a[32] p. :
_bprincipalmente il. ;
_c31 cm.
490 1 _aMaestros contemporáneos del dibujo y la pintura ;
_v21
600 1 4 _aVera, Cristino de.
_9113940
700 _aRodríguez Sahagún, Agustín,
_d1932-1991
_9240884
830 1 0 _aMaestros contemporáneos del dibujo y la pintura
_v21
_9190405
852 4 _aES-MaACL
_jE-14688 (1)
_xOlim P-1071
_z- Enc. con otros títulos
999 _c177311
_d177311